Central Library OPAC University of Rajshahi

Status of Muslim women in India / (Record no. 56881)

MARC details
000 -LEADER
fixed length control field 00670nam a2200229 a 4500
001 - CONTROL NUMBER
control field 56881
003 - CONTROL NUMBER IDENTIFIER
rucl marc code BD-RjUL
005 - DATE AND TIME OF LATEST TRANSACTION
control field 20211209080439.0
008 - FIXED-LENGTH DATA ELEMENTS--GENERAL INFORMATION
fixed length control field 161204s2008 ii 001 0 eng
020 ## - INTERNATIONAL STANDARD BOOK NUMBER
International Standard Book Number 8126131675
035 ## - SYSTEM CONTROL NUMBER
System control number (BD-RjUL)57005
040 ## - CATALOGING SOURCE
Original cataloging agency DLC
Transcribing agency DLC
Language of cataloging eng
Modifying agency BD-RjUL
041 ## - LANGUAGE CODE
Language code of text/sound track or separate title eng
082 ## - DEWEY DECIMAL CLASSIFICATION NUMBER
Edition number 23
Classification number 297.082
Author mark and year STA 2008
245 00 - TITLE STATEMENT
Title Status of Muslim women in India /
Statement of responsibility, etc. edited by M Mukarram Ahmed
260 ## - PUBLICATION, DISTRIBUTION, ETC. (IMPRINT)
Place of publication, distribution, etc. New Delhi :
Name of publisher, distributor, etc. Anmol Publications,
Date of publication, distribution, etc. 2008.
300 ## - PHYSICAL DESCRIPTION
Pagination xv, 329 p. ;
Size 22 cm.
504 ## - BIBLIOGRAPHY, ETC. NOTE
Bibliography, etc Includes Bibliographical References and Index
650 ## - SUBJECT ADDED ENTRY--TOPICAL TERM
Topical term or geographic name as entry element Woman
9 (RLIN) 169100
General subdivision Islam
700 ## - ADDED ENTRY--PERSONAL NAME
Personal name Ahmed, M Mukarram
942 ## - ADDED ENTRY ELEMENTS (KOHA)
Source of classification or shelving scheme Dewey Decimal Classification
Koha item type Books
Holdings
Lost status Source of classification or shelving scheme Damaged status Not for loan Collection code Permanent Location Current Location Shelving location Date acquired Source of acquisition Cost, normal purchase price Total Checkouts Full call number Date last seen Copy number Koha item type
  Dewey Decimal Classification   Not For Loan Non-fiction Central Library, University of Rajshahi Central Library, University of Rajshahi Reading Room 21/12/2010 Dhaka,Paragon Enterprise Lit., 2500.00   297.082 STA 2008 04/12/2016 C-1 Books